Регионална библиотека "Любен Каравелов" - Русе

Прокълнатият меч (Запис номер 98988)

MARC детайли
000 -Лидер
Контролно поле с фиксирана дължина 01353nam a2200349 c 4500
003 - Код на организацията, давaща контролен номер
Контролно поле BLK
005 - Дата и час на последна редакция
Контролно поле 20230728005218.0
008 - Елементи от данни с фиксирана дължина
fixed length control field 180409b bul|||||r ||||||| ||bul||
010 ## - Наследен системен номер
LC control number KNG00103979000
020 ## - Международен стандартен номер на книга ISBN
Международен стандартен номер на книга ISBN 954-8826-20-8
-- издат.: Елф
040 ## - Източник на каталожния запис
Идентификатор на билиотеката - собственик на записа BLK
041 ## - Код за език
Код за езика на текст/звукозапис или на отделно заглавие Български
Код за езика КДБФ Български
080 ## - УДК
Текстов определител УДК Американска литература (на САЩ)
УДК код - определител по УДК 821.111(73)
УДК определител -312.9
УДК - код + определител 821.111(73)-312.9
100 1# - Редна дума - Автор
Автор Андерсън, Пол
Авторска отговорност първи автор
R(LIN) 265054
139 ## - Редно поле
Редна дума Андерсън, Пол
Авторски знак Анд - А 65
245 10 - Сведения за заглавието
Заглавие Прокълнатият меч
Подзаглавни данни Роман
Редно поле (дума) Пол Андерсън; прев. от англ. Александър Бурмов.
257 ## - Страна на издаване
Страна на създаване/издаване Съединени американски щати
260 ## - Област на издателските данни
-- София
Име на издателя, разпространителя и проч. Елф
Година на издаване 2002
Печатница София : Инвестпрес АД
300 ## - Физическа характеристика
Страници 427 с.
Размери/Мащаб 20 см
380 ## - Жанр
Жанр Худож. лит.
490 1# - СЕРИИ (Колекции)
Име на серия Поредица Фентъзи бестселър
500 ## - Общи забележки
Забележка Ориг. загл. The Broken Sword / Paul Anderson. - Офс. изд. - Речник.
653 ## - Ключова дума – ненормативна
Ключова дума фантастика
653 ## - Ключова дума – ненормативна
Ключова дума романи
700 ## - Други автори (авторска отговорност)
Лично име Бурмов, Александър Колев
Дати, свързани с автора 1911-1965
Друга информация Росенски, Милко (псевд.)
9 (RLIN) 367214
852 ## - Местоположение
Форматна сигнатура Цб 212984
856 4# - Електронен адрес и достъп
Електронен формат pdf - файл
Път до файла /url/
856 4# - Електронен адрес и достъп
Електронен формат pdf - файл
Път до файла /url/
942 ## - АРТИКУЛИ
Вид на библиотечния материал Книги
Скрит в OPAC Не
944 ## - СЪЗДАВАНЕ И РЕДАКЦИЯ на ЗАПИСА
Създаване/Редакция Създаване
Дата на регистрацията/редакция 01.01.2002
Служител, извършил регистрацията/редакцията
Статус, дата на статуса CRON CRON
944 ## - СЪЗДАВАНЕ И РЕДАКЦИЯ на ЗАПИСА
Създаване/Редакция Редакция
Дата на регистрацията/редакция 07.06.2004
Служител, извършил регистрацията/редакцията
999 ## - СИСТЕМНИ КОНТРОЛНИ НОМЕРА
Koha biblionumber 98988
Koha biblioitemnumber 98988
Наличности
Код за отписване Код за изгубен артикул Източник на класификационната схема Код за повреда Коз за рестрикции Код за отдаване Артикулен № Име на библиотеката - собственик Име на библиотеката, в която се намира в момента Статус (Текущо местоположение) Дата на вписване в системата Местоположение - отдел Цена в лева Инвентарен номер Систематично азбучна сигнатура Баркод Номер на екземпляра Цена в евро Служебна бележка Служебен тип на артикула
Изтеглен Не е изгубен Universal Decimal Classification Не е повреден без рестрикции заемане за дома 159392 Регионална библиотека "Любен Каравелов" Русе Регионална библиотека "Любен Каравелов" Русе Заемна - подръчен фонд 2002-10-25 Заемна - подръчен фонд 9.99 120000673088 П 820(73)-31/А 65 120000673088 1 5.11 Дост: Pk Вид: Ф N: 36 Дата: 25.10.2002 Книги
  Не е изгубен   Не е повреден без рестрикции ползва се в читалня 159393 Регионална библиотека "Любен Каравелов" Русе Регионална библиотека "Любен Каравелов" Русе Хранилище 2004-05-12 Хранилище 9.99 120000685336 Цб 212984 120000685336 2 5.11 Дост: Dp Вид: Д N: 28 Дата: 02.07.2003 Книги
Vip Innovations Ltd, Rousse, Bulgaria 2025